| 000 | 00791cam a22002051 4500 | ||
|---|---|---|---|
| 001 | af 47002491 | ||
| 003 | DLC | ||
| 005 | 20260227110814.0 | ||
| 008 | 890429s1944 be a 000 1 dut c | ||
| 010 | _aaf 47002491 | ||
| 035 | _a(OCoLC)19623517 | ||
| 040 |
_aNew York. Public Library _cCU _dDLC |
||
| 042 | _apremarc | ||
| 050 | 0 | 0 |
_aPT6418.C4 _bR5 1944 |
| 100 | 1 |
_aCrick, Jef, _d1890- |
|
| 245 | 1 | 0 |
_aMonica, _broman uit de 16e eeuw ... _cHoutsneden van Victor Stuyvaert. Nieuwe herwerkte uitgave. |
| 260 |
_aKapellen-Antwerpen, _bBoekuil-& Karveel-uitgaven, _c1944. |
||
| 300 |
_a260 p., 2 l. _billus. _c23 cm. |
||
| 500 | _a"Deze roman werd, onder zijn oorspronkelijken titel 'De ridder van het slot van Laerne', met den Barbier-prijs bekroond door de Kon. vlaamsche akademie."--Voorwoord. | ||
| 999 |
_c1750 _d1750 |
||